Normal view
MARC view
- الالتزام التنظيمي
Entry Topical Term
001 - CONTROL NUMBER
- control field: 63256
003 - CONTROL NUMBER IDENTIFIER
- control field: JO-AjAnu
005 - DATE AND TIME OF LATEST TRANSACTION
- control field: 20230606084327.0
008 - FIXED-LENGTH DATA ELEMENTS
- fixed length control field: 230606|| aca||aabn | a|a d
040 ## - CATALOGING SOURCE
- Original cataloging agency: JO-AjAnu
- Transcribing agency: JO-AjAnu
150 ## - HEADING--TOPICAL TERM
- Topical term or geographic name entry element: الالتزام التنظيمي
670 ## - SOURCE DATA FOUND
- Source citation: Work cat.: (JO-AjAnu)32250: إعداد البطانية، هالة عبد الحميد عبدالله؛ إشراف محمود عليى الروسان, author 63255, اثر الاندماج الوظيفي على الالتزام التنظيمي لدى العاملين في الشركات الصناعية الغذائية -مدينة الحسن الصناعية /اربدThe Impact of job Involvement on Organizational Commitment for Employees, at Food Industrial Companies -Alhasan Industrial Estate(HIE)/Irbid